00250nam a2200109Ia 4500100002600000654001200026245003600038260003200074082001400106300000800120546001200128 aMichael Day/ Kenneff  aTrouble aTrouble Shooting Netware : 386 bB.P.B. PubaNew Delhic1993 a4.68bPAN a401 aENGLISH